000 00701pam a2200229 a 4500
003 OSt
005 20260205114522.0
008 870616s1988 ilu b 001 0 eng
020 _a0226183971
020 _a0226183998
_qpbk.
020 _a9780226183992
040 _aKABLIB
_cKABLIB
_beng
082 0 0 _a320.01
_223
_bEDE
100 1 _aEdelman, Murray
_915189
245 1 0 _aConstructing the political spectacle /
_cMurray Edelman.
260 _aChicago :
_bUniversity of Chicago Press,
_c1988.
300 _avi, 137 p. ;
_c22 cm.
504 _aIncludes bibliographical references and index.
650 0 _aPolitical psychology.
_915190
650 0 _aSymbolism in politics.
_915191
942 _2ddc
_cBOOK
999 _c6014
_d6014